[Event "Storsjodraget 2022"]
[Site "Ostersund"]
[Date "2022.06.11"]
[Round "4"]
[Board "5"]
[White "Stromhaug, Kristoffer Wang"]
[Black "Malmdin, Nils-Ake"]
[Result "1-0"]
[WhiteElo "1828"]
[BlackElo "2149"]
[PlyCount "0"]
[EventDate "2022.06.10"]
[EventRounds "7"]
[EventCountry "SWE"]

1. e4 {[%clk 01:30:54]} {[%emt 00:00:04]} c5 {[%clk 01:30:33]} {[%emt
00:00:28]} 2. Nf3 {[%clk 01:31:10]} {[%emt 00:00:14]} g6 {[%clk 01:30:38]}
{[%emt 00:00:25]} 3. d4 {[%clk 01:31:12]} {[%emt 00:00:29]} cxd4 {[%clk
01:30:51]} {[%emt 00:00:16]} 4. Nxd4 {[%clk 01:31:10]} {[%emt 00:00:31]} Bg7
{[%clk 01:30:56]} {[%emt 00:00:25]} 5. c4 {[%clk 01:30:30]} {[%emt 00:01:11]}
Nc6 {[%clk 01:30:49]} {[%emt 00:00:36]} 6. Be3 {[%clk 01:29:02]} {[%emt
00:02:00]} Nf6 {[%clk 01:28:39]} {[%emt 00:02:38]} 7. Nc3 {[%clk 01:27:39]}
{[%emt 00:01:53]} O-O {[%clk 01:27:11]} {[%emt 00:01:58]} 8. f3 {[%clk
01:22:08]} {[%emt 00:06:03]} d6 {[%clk 01:23:15]} {[%emt 00:04:24]} 9. Nc2
{[%clk 01:19:30]} {[%emt 00:03:09]} Be6 {[%clk 01:18:14]} {[%emt 00:05:30]} 10.
Qd2 {[%clk 01:15:06]} {[%emt 00:04:55]} Ne5 {[%clk 01:05:56]} {[%emt 00:12:47]}
11. b3 {[%clk 01:07:30]} {[%emt 00:08:07]} Qa5 {[%clk 00:53:34]} {[%emt
00:12:51]} 12. Be2 {[%clk 00:53:35]} {[%emt 00:14:26]} Rfc8 {[%clk 00:48:19]}
{[%emt 00:05:45]} 13. O-O {[%clk 00:51:53]} {[%emt 00:02:12]} Qd8 {[%clk
00:47:43]} {[%emt 00:01:05]} 14. Rad1 {[%clk 00:48:08]} {[%emt 00:04:14]} b6
{[%clk 00:39:17]} {[%emt 00:08:57]} 15. h3 {[%clk 00:43:14]} {[%emt 00:05:24]}
Nc6 {[%clk 00:37:52]} {[%emt 00:01:56]} 16. f4 {[%clk 00:42:42]} {[%emt
00:01:02]} Qf8 {[%clk 00:36:41]} {[%emt 00:01:39]} 17. g4 {[%clk 00:31:35]}
{[%emt 00:11:39]} h6 {[%clk 00:35:03]} {[%emt 00:02:08]} 18. f5 {[%clk
00:26:30]} {[%emt 00:05:35]} Bd7 {[%clk 00:35:15]} {[%emt 00:00:18]} 19. h4
{[%clk 00:20:19]} {[%emt 00:06:41]} gxf5 {[%clk 00:32:36]} {[%emt 00:03:09]} 20.
exf5 {[%clk 00:20:32]} {[%emt 00:00:16]} Ne5 {[%clk 00:32:25]} {[%emt
00:00:41]} 21. g5 {[%clk 00:20:10]} {[%emt 00:00:53]} hxg5 {[%clk 00:32:35]}
{[%emt 00:00:20]} 22. hxg5 {[%clk 00:20:33]} {[%emt 00:00:07]} Nfg4 {[%clk
00:32:55]} {[%emt 00:00:08]} 23. Bxg4 {[%clk 00:19:08]} {[%emt 00:01:56]} Nxg4
{[%clk 00:31:56]} {[%emt 00:01:28]} 24. Ne4 {[%clk 00:17:36]} {[%emt 00:02:03]}
Be5 {[%clk 00:28:28]} {[%emt 00:03:58]} 25. Bf4 {[%clk 00:15:25]} {[%emt
00:02:41]} Bc6 {[%clk 00:21:57]} {[%emt 00:07:02]} 26. Qg2 {[%clk 00:14:14]}
{[%emt 00:01:40]} Qg7 {[%clk 00:19:34]} {[%emt 00:02:52]} 27. Qxg4 {[%clk
00:12:07]} {[%emt 00:02:38]} Bxe4 {[%clk 00:19:48]} {[%emt 00:00:14]} 28. Bxe5
{[%clk 00:12:06]} {[%emt 00:00:34]} Qxe5 {[%clk 00:19:54]} {[%emt 00:00:22]} 29.
Rde1 {[%clk 00:11:02]} {[%emt 00:01:36]} Qc5+ {[%clk 00:19:49]} {[%emt
00:00:33]} 30. Ne3 {[%clk 00:11:28]} {[%emt 00:00:06]} Bd3 {[%clk 00:13:12]}
{[%emt 00:07:06]} 31. Rf2 {[%clk 00:11:16]} {[%emt 00:00:43]} Kg7 {[%clk
00:13:08]} {[%emt 00:00:33]} 32. f6+ {[%clk 00:10:32]} {[%emt 00:01:14]} Kg6
{[%clk 00:13:09]} {[%emt 00:00:29]} 33. Nd5 {[%clk 00:10:35]} {[%emt 00:00:28]}
Re8 {[%clk 00:10:20]} {[%emt 00:03:19]} 34. Nf4+ {[%clk 00:09:21]} {[%emt
00:01:44]}  1-0

[Event "Storsjodraget 2022"]
[Site "Ostersund"]
[Date "2022.06.11"]
[Round "4"]
[Board "6"]
[White "Madebrink, Lars"]
[Black "Helin, Mikael"]
[Result "1-0"]
[WhiteElo "2109"]
[BlackElo "1751"]
[PlyCount "0"]
[EventDate "2022.06.10"]
[EventRounds "7"]
[EventCountry "SWE"]

1. Nf3 {[%clk 01:30:55]} {[%emt 00:00:04]} d6 {[%clk 01:24:00]} {[%emt
00:07:01]} 2. d4 {[%clk 01:30:17]} {[%emt 00:01:07]} Nd7 {[%clk 01:23:44]}
{[%emt 00:00:47]} 3. e4 {[%clk 01:28:42]} {[%emt 00:02:04]} e5 {[%clk
01:23:50]} {[%emt 00:00:24]} 4. Bc4 {[%clk 01:27:36]} {[%emt 00:01:35]} Be7
{[%clk 01:23:40]} {[%emt 00:00:41]} 5. dxe5 {[%clk 01:24:04]} {[%emt 00:04:02]}
Nxe5 {[%clk 01:21:35]} {[%emt 00:02:37]} 6. Nxe5 {[%clk 01:24:09]} {[%emt
00:00:24]} dxe5 {[%clk 01:21:57]} {[%emt 00:00:07]} 7. Qh5 {[%clk 01:24:28]}
{[%emt 00:00:11]} g6 {[%clk 01:18:40]} {[%emt 00:03:48]} 8. Qxe5 {[%clk
01:24:41]} {[%emt 00:00:16]} Nf6 {[%clk 01:17:04]} {[%emt 00:02:05]} 9. Bh6
{[%clk 01:19:50]} {[%emt 00:05:22]} Qd6 {[%clk 01:08:51]} {[%emt 00:08:44]} 10.
Qxd6 {[%clk 01:18:48]} {[%emt 00:01:32]} cxd6 {[%clk 01:08:53]} {[%emt
00:00:27]} 11. Nc3 {[%clk 01:18:23]} {[%emt 00:00:54]} Ng4 {[%clk 01:08:04]}
{[%emt 00:01:20]} 12. Bg7 {[%clk 01:14:13]} {[%emt 00:04:40]} Rg8 {[%clk
01:08:22]} {[%emt 00:00:12]} 13. Bd4 {[%clk 01:14:28]} {[%emt 00:00:14]} Ne5
{[%clk 01:02:44]} {[%emt 00:06:09]} 14. Bb3 {[%clk 01:11:01]} {[%emt 00:03:57]}
Be6 {[%clk 00:59:30]} {[%emt 00:03:45]} 15. Nd5 {[%clk 01:09:10]} {[%emt
00:02:21]} Bd8 {[%clk 00:54:34]} {[%emt 00:05:24]} 16. O-O-O {[%clk 01:08:19]}
{[%emt 00:01:22]} g5 {[%clk 00:48:57]} {[%emt 00:06:07]} 17. f3 {[%clk
01:02:53]} {[%emt 00:05:55]} Rg6 {[%clk 00:46:53]} {[%emt 00:02:35]} 18. Ne3
{[%clk 00:58:48]} {[%emt 00:04:35]} Bb6 {[%clk 00:41:26]} {[%emt 00:05:57]} 19.
h4 {[%clk 00:48:55]} {[%emt 00:10:21]} Nc6 {[%clk 00:38:08]} {[%emt 00:03:49]}
20. Bxb6 {[%clk 00:48:31]} {[%emt 00:00:56]} Bxb3 {[%clk 00:36:30]} {[%emt
00:02:08]} 21. axb3 {[%clk 00:48:14]} {[%emt 00:00:46]} axb6 {[%clk 00:36:49]}
{[%emt 00:00:12]} 22. hxg5 {[%clk 00:48:29]} {[%emt 00:00:14]} Rxg5 {[%clk
00:36:34]} {[%emt 00:00:45]} 23. Rxh7 {[%clk 00:48:33]} {[%emt 00:00:26]} Ra1+
{[%clk 00:35:27]} {[%emt 00:01:37]} 24. Kd2 {[%clk 00:48:55]} {[%emt 00:00:07]}
Ra2 {[%clk 00:35:02]} {[%emt 00:00:55]} 25. g4 {[%clk 00:46:07]} {[%emt
00:03:20]} Nd4 {[%clk 00:33:39]} {[%emt 00:01:51]} 26. f4 {[%clk 00:44:48]}
{[%emt 00:01:51]} Rc5 {[%clk 00:31:43]} {[%emt 00:02:26]} 27. Kd3 {[%clk
00:44:05]} {[%emt 00:01:12]} Nc6 {[%clk 00:30:44]} {[%emt 00:01:30]} 28. c3
{[%clk 00:40:38]} {[%emt 00:03:56]} Rxb2 {[%clk 00:29:05]} {[%emt 00:02:10]} 29.
b4 {[%clk 00:40:26]} {[%emt 00:00:42]} Nxb4+ {[%clk 00:25:42]} {[%emt
00:03:53]} 30. cxb4 {[%clk 00:40:47]} {[%emt 00:00:09]} Rb3+ {[%clk 00:26:02]}
{[%emt 00:00:10]} 31. Ke2 {[%clk 00:40:52]} {[%emt 00:00:24]} Rxb4 {[%clk
00:26:25]} {[%emt 00:00:08]} 32. Rxd6 {[%clk 00:34:47]} {[%emt 00:06:34]} Rxe4
{[%clk 00:25:23]} {[%emt 00:01:32]} 33. Kf3 {[%emt 00:01:25]} Ra4 {[%clk
00:24:24]} {[%emt 00:00:17]} 34. Nd5 {[%clk 00:32:45]} {[%emt 00:02:49]} Ra3+
{[%clk 00:19:52]} {[%emt 00:05:01]} 35. Ke4 {[%clk 00:32:50]} {[%emt 00:00:26]}
f5+ {[%clk 00:17:59]} {[%emt 00:02:24]} 36. Kxf5 {[%clk 00:33:11]} {[%emt
00:00:09]} Raa5 {[%clk 00:11:34]} {[%emt 00:06:55]} 37. Re7+ {[%clk 00:33:02]}
{[%emt 00:00:38]}  1-0

[Event "Storsjodraget 2022"]
[Site "Ostersund"]
[Date "2022.06.11"]
[Round "5"]
[Board "10"]
[White "Lilliehook, Victor"]
[Black "Hammarstrom, Ulf"]
[Result "0-1"]
[WhiteElo "1648"]
[BlackElo "2225"]
[PlyCount "0"]
[EventDate "2022.06.10"]
[EventRounds "7"]
[EventCountry "SWE"]

1. e4 {[%clk 01:30:56]} {[%emt 00:00:02]} c5 {[%clk 01:28:40]} {[%emt
00:02:22]} 2. Nf3 {[%clk 01:31:17]} {[%emt 00:00:07]} d6 {[%clk 01:28:41]}
{[%emt 00:00:30]} 3. d4 {[%clk 01:31:41]} {[%emt 00:00:06]} cxd4 {[%clk
01:29:08]} {[%emt 00:00:04]} 4. Nxd4 {[%clk 01:32:01]} {[%emt 00:00:09]} Nf6
{[%clk 01:29:34]} {[%emt 00:00:04]} 5. Nc3 {[%clk 01:32:25]} {[%emt 00:00:07]}
g6 {[%clk 01:29:28]} {[%emt 00:00:36]} 6. Be3 {[%clk 01:32:50]} {[%emt
00:00:04]} Bg7 {[%clk 01:29:53]} {[%emt 00:00:06]} 7. f3 {[%clk 01:33:16]}
{[%emt 00:00:04]} O-O {[%clk 01:30:17]} {[%emt 00:00:05]} 8. Qd2 {[%clk
01:33:36]} {[%emt 00:00:10]} Nc6 {[%clk 01:30:42]} {[%emt 00:00:06]} 9. O-O-O
{[%clk 01:33:58]} {[%emt 00:00:07]} d5 {[%clk 01:30:58]} {[%emt 00:00:15]} 10.
exd5 {[%clk 01:34:20]} {[%emt 00:00:07]} Nxd5 {[%emt 00:00:13]} 11. Nxc6 {[%clk
01:34:42]} {[%emt 00:00:01]} bxc6 {[%clk 01:31:49]} {[%emt 00:00:04]} 12. Bd4
{[%clk 01:35:02]} {[%emt 00:00:09]} e5 {[%clk 01:32:05]} {[%emt 00:00:15]} 13.
Bc5 {[%clk 01:35:15]} {[%emt 00:00:16]} Re8 {[%clk 01:32:11]} {[%emt 00:00:25]}
14. Ne4 {[%clk 01:34:57]} {[%emt 00:00:47]} Qc7 {[%clk 01:31:49]} {[%emt
00:00:53]} 15. h4 {[%clk 01:17:29]} {[%emt 00:17:58]} f5 {[%clk 01:31:42]}
{[%emt 00:00:38]} 16. Nd6 {[%clk 01:13:05]} {[%emt 00:04:53]} Rd8 {[%clk
01:32:01]} {[%emt 00:00:10]} 17. Nxc8 {[%clk 01:11:30]} {[%emt 00:02:05]} Raxc8
{[%clk 01:32:27]} {[%emt 00:00:04]} 18. Bc4 {[%clk 01:11:32]} {[%emt 00:00:29]}
h5 {[%clk 01:31:56]} {[%emt 00:01:00]} 19. Qf2 {[%clk 01:08:13]} {[%emt
00:03:49]} Rb8 {[%clk 01:27:04]} {[%emt 00:05:22]} 20. Bxa7 {[%clk 00:59:12]}
{[%emt 00:09:30]} Rb7 {[%clk 01:26:30]} {[%emt 00:01:05]} 21. Bc5 {[%clk
00:50:08]} {[%emt 00:09:34]} Kh7 {[%clk 01:26:15]} {[%emt 00:00:45]} 22. Bb3
{[%clk 00:49:20]} {[%emt 00:01:18]} Qa5 {[%clk 01:22:52]} {[%emt 00:03:44]} 23.
c4 {[%clk 00:36:33]} {[%emt 00:13:25]} Nf4 {[%clk 01:16:35]} {[%emt 00:06:48]}
24. Kc2 {[%clk 00:33:20]} {[%emt 00:03:44]} Ne6 {[%clk 01:11:52]} {[%emt
00:05:13]} 25. Rxd8 {[%clk 00:30:04]} {[%emt 00:03:46]} Qxd8 {[%clk 01:11:50]}
{[%emt 00:00:32]} 26. Rd1 {[%clk 00:29:02]} {[%emt 00:01:31]} Qa5 {[%clk
01:11:03]} {[%emt 00:01:16]} 27. Be3 {[%clk 00:28:20]} {[%emt 00:01:13]} e4
{[%clk 01:07:00]} {[%emt 00:04:33]}  0-1

[Event "Storsjodraget 2022"]
[Site "Ostersund"]
[Date "2022.06.11"]
[Round "4"]
[Board "7"]
[White "Mozelius, Peter"]
[Black "Bohman Karlholm, Adrian"]
[Result "0-1"]
[WhiteElo "1775"]
[BlackElo "2089"]
[PlyCount "0"]
[EventDate "2022.06.10"]
[EventRounds "7"]
[EventCountry "SWE"]

1. d4 {[%clk 01:30:57]} {[%emt 00:00:02]} d5 {[%clk 01:30:54]} {[%emt
00:00:06]} 2. Nf3 {[%clk 01:31:20]} {[%emt 00:00:08]} e6 {[%clk 01:31:12]}
{[%emt 00:00:12]} 3. Bf4 {[%clk 01:31:41]} {[%emt 00:00:08]} Nf6 {[%clk
01:31:20]} {[%emt 00:00:22]} 4. e3 {[%clk 01:31:35]} {[%emt 00:00:36]} Bd6
{[%clk 01:31:15]} {[%emt 00:00:35]} 5. Bg3 {[%clk 01:31:57]} {[%emt 00:00:09]}
O-O {[%clk 01:31:26]} {[%emt 00:00:18]} 6. Nbd2 {[%clk 01:31:54]} {[%emt
00:00:33]} c5 {[%clk 01:31:38]} {[%emt 00:00:18]} 7. c3 {[%clk 01:32:15]}
{[%emt 00:00:10]} Nc6 {[%clk 01:31:47]} {[%emt 00:00:20]} 8. Ne5 {[%clk
01:31:46]} {[%emt 00:00:58]} Qc7 {[%clk 01:29:05]} {[%emt 00:03:13]} 9. f4
{[%clk 01:30:24]} {[%emt 00:01:52]} Ne7 {[%clk 01:26:28]} {[%emt 00:03:07]} 10.
Bd3 {[%clk 01:23:25]} {[%emt 00:07:29]} b6 {[%clk 01:23:32]} {[%emt 00:03:26]}
11. Bh4 {[%clk 01:08:14]} {[%emt 00:15:41]} Ne8 {[%clk 01:15:49]} {[%emt
00:08:13]} 12. g4 {[%clk 01:05:56]} {[%emt 00:02:48]} Bb7 {[%clk 01:04:19]}
{[%emt 00:12:00]} 13. Bxe7 {[%clk 01:00:30]} {[%emt 00:05:56]} Qxe7 {[%clk
01:02:46]} {[%emt 00:02:03]} 14. h4 {[%clk 01:00:35]} {[%emt 00:00:24]} f6
{[%clk 00:59:10]} {[%emt 00:04:06]} 15. Nef3 {[%clk 00:59:52]} {[%emt
00:01:13]} e5 {[%clk 00:55:44]} {[%emt 00:03:56]} 16. fxe5 {[%clk 00:35:02]}
{[%emt 00:25:22]} fxe5 {[%clk 00:56:04]} {[%emt 00:00:09]} 17. Bf5 {[%clk
00:29:44]} {[%emt 00:05:48]} exd4 {[%clk 00:52:13]} {[%emt 00:04:21]} 18. e4
{[%clk 00:26:07]} {[%emt 00:04:07]} Bg3+ {[%clk 00:46:07]} {[%emt 00:06:35]} 19.
Kf1 {[%clk 00:26:28]} {[%emt 00:00:10]} g6 {[%clk 00:46:08]} {[%emt 00:00:30]}
20. Kg2 {[%clk 00:26:10]} {[%emt 00:00:48]} Bf4 {[%clk 00:45:55]} {[%emt
00:00:41]} 21. Re1 {[%clk 00:22:51]} {[%emt 00:03:50]} gxf5 {[%clk 00:45:33]}
{[%emt 00:00:51]} 22. exf5 {[%clk 00:23:11]} {[%emt 00:00:10]} Qg7 {[%clk
00:45:19]} {[%emt 00:00:44]} 23. Kh3 {[%clk 00:18:16]} {[%emt 00:05:26]} dxc3
{[%clk 00:44:41]} {[%emt 00:01:07]} 24. bxc3 {[%clk 00:18:32]} {[%emt
00:00:15]} Nd6 {[%clk 00:42:52]} {[%emt 00:02:19]} 25. Rg1 {[%clk 00:17:42]}
{[%emt 00:01:19]} Qxc3 {[%clk 00:42:13]} {[%emt 00:01:09]} 26. Rc1 {[%clk
00:16:59]} {[%emt 00:01:14]} Qd3 {[%clk 00:42:06]} {[%emt 00:00:37]} 27. Rg2
{[%clk 00:15:05]} {[%emt 00:02:24]} d4 {[%clk 00:41:38]} {[%emt 00:00:57]} 28.
Ra1 {[%clk 00:12:41]} {[%emt 00:02:54]} Bxd2 {[%clk 00:41:28]} {[%emt
00:00:40]}  0-1

[Event "Storsjodraget 2022"]
[Site "Ostersund"]
[Date "2022.06.11"]
[Round "5"]
[Board "11"]
[White "Malmdin, Nils-Ake"]
[Black "Mozelius, Peter"]
[Result "1-0"]
[WhiteElo "2149"]
[BlackElo "1775"]
[PlyCount "0"]
[EventDate "2022.06.10"]
[EventRounds "7"]
[EventCountry "SWE"]

1. e4 {[%clk 01:30:31]} {[%emt 00:00:27]} g6 {[%clk 01:30:55]} {[%emt
00:00:07]} 2. d4 {[%clk 01:30:51]} {[%emt 00:00:10]} Bg7 {[%clk 01:31:18]}
{[%emt 00:00:07]} 3. Nc3 {[%clk 01:30:49]} {[%emt 00:00:32]} d6 {[%clk
01:31:38]} {[%emt 00:00:10]} 4. Bf4 {[%clk 01:30:17]} {[%emt 00:01:01]} a6
{[%clk 01:31:41]} {[%emt 00:00:27]} 5. Qd2 {[%clk 01:30:04]} {[%emt 00:00:42]}
b5 {[%clk 01:31:39]} {[%emt 00:00:33]} 6. Nf3 {[%clk 01:27:28]} {[%emt
00:03:05]} Nd7 {[%clk 01:29:32]} {[%emt 00:02:39]} 7. e5 {[%clk 01:19:23]}
{[%emt 00:08:34]} Nb6 {[%clk 01:29:35]} {[%emt 00:00:27]} 8. a4 {[%clk
01:11:39]} {[%emt 00:08:13]} b4 {[%clk 01:23:23]} {[%emt 00:06:44]} 9. Ne4
{[%clk 01:11:20]} {[%emt 00:00:47]} a5 {[%clk 01:16:22]} {[%emt 00:07:33]} 10.
Bb5+ {[%clk 00:58:12]} {[%emt 00:13:37]} Bd7 {[%clk 01:15:48]} {[%emt
00:01:04]} 11. e6 {[%clk 00:51:42]} {[%emt 00:07:00]} fxe6 {[%clk 01:08:45]}
{[%emt 00:07:32]} 12. Neg5 {[%clk 00:51:40]} {[%emt 00:00:32]} Kf8 {[%clk
01:08:12]} {[%emt 00:01:05]} 13. Qe2 {[%clk 00:44:08]} {[%emt 00:08:00]} e5
{[%clk 00:59:01]} {[%emt 00:09:42]} 14. dxe5 {[%clk 00:44:14]} {[%emt
00:00:24]} d5 {[%clk 00:54:43]} {[%emt 00:04:48]} 15. Nd4 {[%clk 00:40:08]}
{[%emt 00:04:35]} Qc8 {[%clk 00:49:04]} {[%emt 00:06:11]} 16. Bxd7 {[%clk
00:40:18]} {[%emt 00:00:18]} Qxd7 {[%clk 00:42:11]} {[%emt 00:07:24]} 17. Nde6+
{[%clk 00:39:14]} {[%emt 00:01:33]}  1-0

[Event "Storsjodraget 2022"]
[Site "Ostersund"]
[Date "2022.06.11"]
[Round "4"]
[Board "8"]
[White "Gillefalk, Bjorn"]
[Black "Romundstad, Lars"]
[Result "1-0"]
[WhiteElo "2061"]
[BlackElo "1639"]
[PlyCount "0"]
[EventDate "2022.06.10"]
[EventRounds "7"]
[EventCountry "SWE"]

1. Nf3 {[%clk 01:30:58]} {[%emt 00:00:01]} Nf6 {[%clk 01:30:38]} {[%emt
00:00:22]} 2. g3 {[%clk 01:31:23]} {[%emt 00:00:05]} g6 {[%clk 01:29:54]}
{[%emt 00:01:15]} 3. Bg2 {[%clk 01:31:48]} {[%emt 00:00:04]} Bg7 {[%clk
01:30:15]} {[%emt 00:00:10]} 4. d4 {[%clk 01:32:04]} {[%emt 00:00:13]} d5
{[%clk 01:30:15]} {[%emt 00:00:31]} 5. c4 {[%clk 01:32:30]} {[%emt 00:00:05]}
c6 {[%clk 01:30:20]} {[%emt 00:00:24]} 6. Qb3 {[%clk 01:31:41]} {[%emt
00:01:19]} O-O {[%clk 01:30:29]} {[%emt 00:00:21]} 7. Nc3 {[%clk 01:31:56]}
{[%emt 00:00:14]} Ne4 {[%clk 01:27:27]} {[%emt 00:03:32]} 8. cxd5 {[%clk
01:27:53]} {[%emt 00:04:33]} Nxc3 {[%clk 01:27:47]} {[%emt 00:00:11]} 9. dxc6
{[%clk 01:24:19]} {[%emt 00:04:04]} Nxc6 {[%clk 01:27:21]} {[%emt 00:00:54]} 10.
bxc3 {[%clk 01:22:45]} {[%emt 00:02:06]} e5 {[%clk 01:27:25]} {[%emt 00:00:26]}
11. d5 {[%clk 01:03:47]} {[%emt 00:19:28]} Na5 {[%clk 01:27:12]} {[%emt
00:00:44]} 12. Qd1 {[%clk 01:04:02]} {[%emt 00:00:13]} Nc4 {[%clk 01:26:22]}
{[%emt 00:01:20]} 13. e4 {[%clk 01:00:10]} {[%emt 00:04:23]} Qa5 {[%clk
01:24:57]} {[%emt 00:01:54]} 14. Qb3 {[%clk 00:58:25]} {[%emt 00:02:15]} b5
{[%clk 01:24:55]} {[%emt 00:00:32]} 15. O-O {[%clk 00:57:10]} {[%emt 00:01:44]}
f5 {[%clk 01:24:12]} {[%emt 00:01:14]} 16. a4 {[%clk 00:46:12]} {[%emt
00:11:29]} Rb8 {[%clk 01:20:20]} {[%emt 00:04:21]} 17. Bg5 {[%clk 00:37:29]}
{[%emt 00:09:12]} fxe4 {[%clk 01:19:53]} {[%emt 00:00:49]} 18. Nd2 {[%clk
00:35:41]} {[%emt 00:02:28]} Nxd2 {[%clk 01:16:24]} {[%emt 00:03:57]} 19. Bxd2
{[%clk 00:36:07]} {[%emt 00:00:06]} Bf5 {[%clk 01:15:31]} {[%emt 00:01:21]} 20.
axb5 {[%clk 00:31:12]} {[%emt 00:05:26]} Qxb5 {[%clk 01:15:25]} {[%emt
00:00:37]} 21. Qxb5 {[%clk 00:31:21]} {[%emt 00:00:20]} Rxb5 {[%clk 01:15:45]}
{[%emt 00:00:11]} 22. c4 {[%clk 00:31:38]} {[%emt 00:00:13]} Rb2 {[%clk
01:15:30]} {[%emt 00:00:44]} 23. Be3 {[%clk 00:31:47]} {[%emt 00:00:21]} Rc2
{[%clk 01:14:14]} {[%emt 00:01:46]} 24. c5 {[%clk 00:30:15]} {[%emt 00:02:03]}
Ra8 {[%clk 01:14:07]} {[%emt 00:00:37]} 25. g4 {[%clk 00:29:21]} {[%emt
00:01:23]} Bxg4 {[%clk 01:14:08]} {[%emt 00:00:29]} 26. Bxe4 {[%clk 00:29:46]}
{[%emt 00:00:04]} Bf5 {[%clk 01:14:07]} {[%emt 00:00:32]} 27. Bxc2 {[%clk
00:29:48]} {[%emt 00:00:28]} Bxc2 {[%clk 01:14:27]} {[%emt 00:00:10]} 28. c6
{[%clk 00:29:56]} {[%emt 00:00:23]} Bd3 {[%clk 01:14:28]} {[%emt 00:00:28]} 29.
Rxa7 {[%clk 00:29:25]} {[%emt 00:01:01]} Rxa7 {[%clk 01:14:39]} {[%emt
00:00:19]} 30. Bxa7 {[%clk 00:29:39]} {[%emt 00:00:17]} Bxf1 {[%clk 01:14:45]}
{[%emt 00:00:22]} 31. Kxf1 {[%clk 00:29:47]} {[%emt 00:00:23]}  1-0

[Event "Storsjodraget 2022"]
[Site "Ostersund"]
[Date "2022.06.11"]
[Round "5"]
[Board "12"]
[White "Helin, Mikael"]
[Black "Backsten, Jan"]
[Result "0-1"]
[WhiteElo "1751"]
[BlackElo "2016"]
[PlyCount "0"]
[EventDate "2022.06.10"]
[EventRounds "7"]
[EventCountry "SWE"]

1. c4 {[%clk 01:29:33]} {[%emt 00:01:26]} c5 {[%clk 01:30:46]} {[%emt
00:00:14]} 2. e4 {[%clk 01:29:53]} {[%emt 00:00:10]} Nc6 {[%clk 01:31:04]}
{[%emt 00:00:12]} 3. Nc3 {[%clk 01:30:18]} {[%emt 00:00:05]} e6 {[%clk
01:31:19]} {[%emt 00:00:15]} 4. g3 {[%clk 01:30:12]} {[%emt 00:00:36]} Nd4
{[%clk 01:31:06]} {[%emt 00:00:42]} 5. Bg2 {[%clk 01:30:35]} {[%emt 00:00:07]}
Ne7 {[%clk 01:31:04]} {[%emt 00:00:33]} 6. Nge2 {[%clk 01:30:07]} {[%emt
00:00:58]} Nec6 {[%clk 01:31:13]} {[%emt 00:00:21]} 7. O-O {[%clk 01:30:17]}
{[%emt 00:00:20]} g6 {[%clk 01:27:24]} {[%emt 00:04:20]} 8. d3 {[%clk
01:27:36]} {[%emt 00:03:11]} Bg7 {[%clk 01:27:01]} {[%emt 00:00:52]} 9. Nf4
{[%clk 01:23:06]} {[%emt 00:04:59]} O-O {[%clk 01:25:52]} {[%emt 00:01:39]} 10.
Rb1 {[%clk 01:21:32]} {[%emt 00:02:05]} Rb8 {[%clk 01:25:16]} {[%emt 00:01:05]}
11. Be3 {[%clk 01:17:44]} {[%emt 00:04:19]} a6 {[%clk 01:24:32]} {[%emt
00:01:15]} 12. h4 {[%clk 01:14:16]} {[%emt 00:03:57]} b5 {[%clk 01:21:47]}
{[%emt 00:03:15]} 13. h5 {[%clk 01:14:30]} {[%emt 00:00:16]} d6 {[%clk
01:15:59]} {[%emt 00:06:18]} 14. f3 {[%clk 01:08:22]} {[%emt 00:06:38]} Bd7
{[%clk 01:10:30]} {[%emt 00:05:58]} 15. Qd2 {[%clk 01:07:37]} {[%emt 00:01:16]}
b4 {[%clk 01:07:21]} {[%emt 00:03:39]} 16. Nd1 {[%clk 01:06:33]} {[%emt
00:01:33]} b3 {[%clk 01:06:00]} {[%emt 00:01:53]} 17. a3 {[%clk 01:07:01]}
{[%emt 00:00:02]} Nc2 {[%clk 01:04:41]} {[%emt 00:01:46]} 18. Bf2 {[%clk
01:05:54]} {[%emt 00:01:39]} N6d4 {[%clk 01:02:14]} {[%emt 00:02:57]} 19. Nh3
{[%clk 01:00:54]} {[%emt 00:05:29]} e5 {[%clk 01:00:26]} {[%emt 00:02:19]} 20.
h6 {[%clk 00:58:48]} {[%emt 00:02:36]} Bf6 {[%clk 00:58:58]} {[%emt 00:01:56]}
21. g4 {[%clk 00:58:39]} {[%emt 00:00:41]} Be7 {[%clk 00:52:39]} {[%emt
00:06:49]} 22. Nc3 {[%clk 00:58:39]} {[%emt 00:00:30]} f5 {[%clk 00:47:37]}
{[%emt 00:05:32]} 23. exf5 {[%clk 00:55:17]} {[%emt 00:03:52]} gxf5 {[%clk
00:47:07]} {[%emt 00:00:59]} 24. g5 {[%clk 00:54:55]} {[%emt 00:00:51]} f4
{[%clk 00:45:38]} {[%emt 00:02:01]} 25. Bxd4 {[%clk 00:55:10]} {[%emt
00:00:14]} Nxd4 {[%clk 00:45:40]} {[%emt 00:00:29]} 26. Ne4 {[%clk 00:54:16]}
{[%emt 00:01:24]} Bf5 {[%clk 00:43:36]} {[%emt 00:02:31]} 27. Qe1 {[%clk
00:53:20]} {[%emt 00:01:27]} Kh8 {[%clk 00:38:42]} {[%emt 00:05:25]} 28. Kh2
{[%clk 00:48:34]} {[%emt 00:05:16]} Rg8 {[%clk 00:37:31]} {[%emt 00:01:42]} 29.
Qh4 {[%clk 00:43:32]} {[%emt 00:05:32]} Ne6 {[%clk 00:36:11]} {[%emt 00:01:49]}
30. Rg1 {[%clk 00:36:14]} {[%emt 00:07:48]} Nxg5 {[%clk 00:33:18]} {[%emt
00:03:23]} 31. Qh5 {[%clk 00:33:25]} {[%emt 00:03:19]} Bg6 {[%clk 00:21:16]}
{[%emt 00:12:33]} 32. Qg4 {[%clk 00:31:14]} {[%emt 00:02:40]} Nxe4 {[%clk
00:21:25]} {[%emt 00:00:21]} 33. fxe4 {[%clk 00:27:02]} {[%emt 00:04:42]} Bh4
{[%clk 00:17:55]} {[%emt 00:04:01]} 34. Kh1 {[%clk 00:20:13]} {[%emt 00:07:19]}
Bg3 {[%clk 00:13:24]} {[%emt 00:04:59]} 35. Rbf1 {[%clk 00:17:56]} {[%emt
00:02:48]} Qf8 {[%clk 00:12:52]} {[%emt 00:01:02]} 36. Qd7 {[%clk 00:15:57]}
{[%emt 00:02:29]} Rd8 {[%clk 00:10:50]} {[%emt 00:02:32]} 37. Qb7 {[%clk
00:11:39]} {[%emt 00:04:47]} Qxh6 {[%clk 00:10:48]} {[%emt 00:00:34]} 38. Qxb3
{[%clk 00:12:00]} {[%emt 00:00:09]} Bh5 {[%clk 00:10:38]} {[%emt 00:00:40]} 39.
d4 {[%clk 00:05:28]} {[%emt 00:07:02]} Bg4 {[%clk 00:10:11]} {[%emt 00:00:55]}
40. Rf3 {[%clk 00:04:48]} {[%emt 00:01:10]} Bxh3 {[%clk 00:10:17]} {[%emt
00:00:25]} 41. dxe5 {[%clk 00:01:09]} {[%emt 00:04:09]} Bg4+ {[%clk 00:10:10]}
{[%emt 00:00:37]}  0-1